Evaluación de un modelo de microfiltración para tratamiento de agua potable

Guardado en:
Bibliografiske detaljer
Hovedforfatter: Nichols Morales, Jessica
Format: Bog
Udgivet: [San José, Costa Rica] 2003
Fag:
Tags: Tilføj Tag
Ingen Tags, Vær først til at tagge denne postø!

MARC

LEADER 00000nam a2200000Ia 4500
003 009162
005 20221231144148.0
008 140114s2003 cr a m 000 ||s d
040 |c cru CEDI 
090 |a TFG 4703 
100 |a Nichols Morales, Jessica  |9 6995 
245 |a Evaluación de un modelo de microfiltración para tratamiento de agua potable 
260 |c 2003  |a  [San José, Costa Rica] 
300 |a  vii, 163, [35] hojas : ilustraciones a color, fotografías color  
500 |a  Proyecto de graduación (licenciatura en ingeniería civil)--Universidad de Costa Rica. Facultad de Ingeniería. Escuela de Ingeniería Civil 
650 |x AGUA   |x AGUA POTABLE   |x FILTRACION   |x CALIDAD DEL AGUA   |x TRATAMIENTO DEL AGUA   |x EVALUACION   |x ANALISIS   |x PURIFICACION DEL AGUA  |9 6996 
942 |c TFG 
999 |c 17778  |d 17778